London offices market analysis (Record no. 80498)

MARC details
000 -LEADER
fixed length control field 01168cab a22002055a 4500
001 - CONTROL NUMBER
control field L144502
008 - FIXED-LENGTH DATA ELEMENTS--GENERAL INFORMATION
fixed length control field 080723e20080723xxkado f s 000 0 eng d
035 ## - SYSTEM CONTROL NUMBER
System control number (Sirsi) u144502
041 0# - LANGUAGE CODE
Language code of text/sound track or separate title eng
110 2# - MAIN ENTRY--CORPORATE NAME
Corporate name or jurisdiction name as entry element Estates Gazette
9 (RLIN) 298
245 00 - TITLE STATEMENT
Title London offices market analysis
260 ## - PUBLICATION, DISTRIBUTION, ETC.
Date of publication, distribution, etc. 2008
490 ## - SERIES STATEMENT
Series statement Estates Gazette
Volume/sequential designation (0828) 19 July 2008, 67-84(16)
490 ## - SERIES STATEMENT
Series statement Estates Gazette London Offices Market Analysis
Volume/sequential designation (issue 2) 19 July 2008, 1-17(17)
520 ## - SUMMARY, ETC.
Summary, etc. Discusses take up, supply, availability rates, asking rents and construction trends for various locations within London. Reports that the market continues to undergo a subdued period in response to the credit crisis triggered by problems in the US sub-prime housing market. Also, capital values dropped severely and a weakening occupier market is starting to affect returns. Developers remain concerned that the next stage of the economic cycle will be affected by the weakened market and that a focus must be made on preparation for an eventual improvement in the economic climate
590 ## - LOCAL NOTE (RLIN)
Local note KA
651 #4 - SUBJECT ADDED ENTRY--GEOGRAPHIC NAME
Geographic name London
690 ## - LOCAL SUBJECT ADDED ENTRY--TOPICAL TERM (OCLC, RLIN)
Topical term or geographic name as entry element PROPERTY-OFFICE PROPERTY-OFFICE PROPERTY MARKET
942 ## - ADDED ENTRY ELEMENTS (KOHA)
Suppress in OPAC 0
Holdings
Withdrawn status Lost status Source of classification or shelving scheme Damaged status Not for loan Home library Current library Shelving location Date acquired Total Checkouts Full call number Barcode Date last seen Copy number Price effective from Koha item type
    Dewey Decimal Classification     London London Journal article 23/07/2008   L144502 144502-1001 06/08/2019 1 06/08/2019 Journal article